000 00490nam a2200193Ia 4500
005 20250508152354.0
008 008 250505s9999 xx 000 0 eng d
037 _aTextual
040 _aFEDL
_beng
_cFEDL
041 _aeng
_2eng
084 _a040, MEE
_qFEDL
100 _aMee Arthur
245 0 _aTalks to girls
260 _aLondon, UK
_bHodder and Stoughton
_c1951
300 _a122p
365 _aINR
_b4.8
942 _cTEXL
_h040, MEE
999 _c1335984
_d1335984